Study on the performance of public healthcare organization using a culture-structure-effectiveness model (Record no. 111375)

MARC details
000 -LEADER
fixed length control field 01042cad a22002535a 4500
001 - CONTROL NUMBER
control field E151450
008 - FIXED-LENGTH DATA ELEMENTS--GENERAL INFORMATION
fixed length control field 101108s2008 xxk f 100 0 eng d
020 ## - INTERNATIONAL STANDARD BOOK NUMBER
International Standard Book Number 9781842194348
035 ## - SYSTEM CONTROL NUMBER
System control number (Sirsi) u151450
041 0# - LANGUAGE CODE
Language code of text/sound track or separate title eng
100 1# - MAIN ENTRY--PERSONAL NAME
Personal name Li, Yvonne I. H.
111 2# - MAIN ENTRY--MEETING NAME
Meeting name or jurisdiction name as entry element Construction and Building Research Conference
Location of meeting Dublin Institute of Technology, Dublin
Date of meeting or treaty signing 4-5 September 2008
245 00 - TITLE STATEMENT
Title Study on the performance of public healthcare organization using a culture-structure-effectiveness model
Medium [electronic resource]
260 ## - PUBLICATION, DISTRIBUTION, ETC.
Place of publication, distribution, etc. London
Name of publisher, distributor, etc. RICS
Date of publication, distribution, etc. 2008
520 ## - SUMMARY, ETC.
Summary, etc. A paper presented at the COBRA Conference 2008 in Dublin.
590 ## - LOCAL NOTE (RLIN)
Local note KA
650 24 - SUBJECT ADDED ENTRY--TOPICAL TERM
Topical term or geographic name entry element CONSTRUCTION AND BUILDING RESEARCH CONFERENCE (COBRA)
651 #4 - SUBJECT ADDED ENTRY--GEOGRAPHIC NAME
Geographic name Hong Kong
690 ## - LOCAL SUBJECT ADDED ENTRY--TOPICAL TERM (OCLC, RLIN)
Topical term or geographic name as entry element PROPERTY-OTHER PROPERTY TYPES-HEALTHCARE AND WELFARE PROPERTY
700 1# - ADDED ENTRY--PERSONAL NAME
Personal name Fellows, Richard F.
700 1# - ADDED ENTRY--PERSONAL NAME
Personal name Liu, Anita M. M.
856 40 - ELECTRONIC LOCATION AND ACCESS
Uniform Resource Identifier <a href="https://www.rics.org/site/scripts/download_info.aspx?fileID=3277&categoryID=525">https://www.rics.org/site/scripts/download_info.aspx?fileID=3277&categoryID=525</a>
Public note View the item free of charge at www.rics.org
942 ## - ADDED ENTRY ELEMENTS (KOHA)
Suppress in OPAC 0
Holdings
Withdrawn status Lost status Source of classification or shelving scheme Damaged status Not for loan Home library Current library Shelving location Date acquired Total Checkouts Full call number Barcode Date last seen Copy number Price effective from Koha item type
    Dewey Decimal Classification     Virtual Virtual Online 08/11/2010   ONLINE PUBLICATION 151450-2001 06/08/2019 1 06/08/2019 Book